[Event "1st VAM op"]
[Site "Hoogeveen NED"]
[Date "1997.10.14"]
[Round "5.15"]
[White "Tindall, Brett"]
[Black "Hendriks, Richard V"]
[Result "1-0"]
[WhiteElo "2190"]
[BlackElo "2321"]
[EventDate "1997.10.10"]
[PlyCount "57"]

1.e4 c5 2.Nf3 e6 3.d4 cxd4 4.Nxd4 a6 5.c4 Nf6 6.Nc3 Qc7 7.Bd3 Nc6 8.Nxc6 
dxc6 9.O-O e5 10.a3 a5 11.Na4 Be6 12.Be3 Nd7 13.Be2 Be7 14.Bg4 Bxg4 15.
Qxg4 g6 16.Rad1 Nf6 17.Qf3 O-O 18.Bb6 Qc8 19.Nc5 Re8 20.Rd3 Nh5 21.Rfd1 f5
22.Rd7 Bxc5 23.Bxc5 Nf6 24.exf5 Nxd7 25.fxg6 hxg6 26.Rd6 Nf8 27.Rf6 Kg7 
28.Rf7+ Kg8 29.Qf6 1-0

[Event "1st VAM op"]
[Site "Hoogeveen NED"]
[Date "1997.10.14"]
[Round "6.9"]
[White "De Jong, Migchiel"]
[Black "De Vreugt, Dennis"]
[Result "0-1"]
[WhiteElo "2325"]
[BlackElo "2295"]
[EventDate "1997.10.10"]
[PlyCount "58"]

1.e4 c5 2.Nf3 Nc6 3.d4 cxd4 4.Nxd4 Nf6 5.Nc3 e5 6.Ndb5 d6 7.a4 a6 8.Na3 
Be6 9.Bc4 Rc8 10.Bg5 Qb6 11.O-O Qxb2 12.Qd2 Qb4 13.Rfb1 Qc5 14.Bxe6 fxe6 
15.Be3 Nd4 16.Bxd4 exd4 17.Ne2 Nxe4 18.Qxd4 Qxd4 19.Nxd4 Nc5 20.Nc4 Be7 
21.Rb6 Ne4 22.Ne3 Bf6 23.c3 Rxc3 24.Rd1 Bxd4 25.Rxd4 Rc1+ 26.Nf1 Nc5 27.
Rdxd6 Ke7 28.f4 Ra1 29.Rd4 Rd8 0-1

[Event "1st VAM op"]
[Site "Hoogeveen NED"]
[Date "1997.10.14"]
[Round "6.10"]
[White "Bosboom, Manuel"]
[Black "Vogel, Jaap"]
[Result "1-0"]
[WhiteElo "2430"]
[BlackElo "2285"]
[EventDate "1997.10.10"]
[PlyCount "79"]

1.c4 e6 2.Nf3 Nf6 3.g3 b6 4.Bg2 Bb7 5.O-O Be7 6.d4 d5 7.Qa4+ Qd7 8.Qc2 Qc8
9.cxd5 exd5 10.Nc3 O-O 11.Bf4 c6 12.Rac1 h6 13.Rfd1 Qe6 14.Ne5 Na6 15.Qb3 
c5 16.Nb5 g5 17.Be3 Rfd8 18.f4 Ne4 19.Bxe4 dxe4 20.Qxe6 fxe6 21.dxc5 bxc5 
22.Rxd8+ Rxd8 23.a3 gxf4 24.Bxf4 Bg5 25.Bxg5 hxg5 26.Kf2 Bd5 27.h4 Rb8 28.
a4 Bb3 29.hxg5 Rf8+ 30.Ke3 Rf5 31.Ng4 Kg7 32.Nf6 Nb4 33.Nxe4 Nd5+ 34.Kd2 
Bxa4 35.Nbd6 Rf8 36.Nxc5 Bd7 37.Nxd7 Rd8 38.Nf6 Nxf6 39.gxf6+ Kxf6 40.Rc6 
1-0

[Event "1st VAM op"]
[Site "Hoogeveen NED"]
[Date "1997.10.14"]
[Round "6.11"]
[White "Jap Tjoen San, Linda"]
[Black "Van Haastert, Edwin"]
[Result "1/2-1/2"]
[WhiteElo "2175"]
[BlackElo "2345"]
[EventDate "1997.10.10"]
[PlyCount "20"]

1.e4 c5 2.Nf3 Nc6 3.g3 g6 4.Bg2 Bg7 5.O-O e5 6.d3 Nge7 7.Be3 b6 8.c3 O-O 
9.d4 exd4 10.cxd4 d5 1/2-1/2

[Event "1st VAM op"]
[Site "Hoogeveen NED"]
[Date "1997.10.14"]
[Round "6.12"]
[White "De Boer, Sybolt"]
[Black "Hofman, Ron"]
[Result "1-0"]
[WhiteElo "2290"]
[BlackElo "2230"]
[EventDate "1997.10.10"]
[PlyCount "61"]

1.d4 Nf6 2.Nf3 c6 3.c4 d5 4.Nc3 e6 5.Bg5 h6 6.Bxf6 Qxf6 7.g3 Nd7 8.Bg2 Qd8
9.O-O Be7 10.e4 dxe4 11.Nxe4 O-O 12.Qe2 b6 13.Rad1 Ba6 14.Ne5 Rc8 15.f4 f5
16.Nf2 Nxe5 17.fxe5 Qc7 18.b3 Rcd8 19.g4 Bc8 20.Nh3 fxg4 21.Nf4 Bg5 22.Ng6
Rxf1+ 23.Rxf1 Qd7 24.Rd1 h5 25.h3 Qc7 26.Be4 Bd7 27.Rf1 Bc8 28.Qf2 Qd7 29.
Qf8+ Rxf8 30.Rxf8+ Kh7 31.Rh8# 1-0

[Event "1st VAM op"]
[Site "Hoogeveen NED"]
[Date "1997.10.14"]
[Round "6.15"]
[White "Bednar, Jaromir"]
[Black "Azadmanesh, Moosa"]
[Result "1-0"]
[WhiteElo "2230"]
[BlackElo "2110"]
[EventDate "1997.10.10"]
[PlyCount "47"]

1.e4 c5 2.d4 cxd4 3.c3 dxc3 4.Nxc3 Nc6 5.Nf3 e6 6.Bc4 a6 7.O-O Qc7 8.Qe2 
b5 9.Bb3 Bc5 10.Bg5 Na5 11.Bc2 f6 12.Bh4 Ne7 13.Bg3 Qb6 14.a3 Nac6 15.Rad1
O-O 16.b4 Bd4 17.Nd5 exd5 18.exd5 Be5 19.dxc6 d6 20.Rxd6 Bxd6 21.Bxd6 Re8 
22.Bxe7 Qxc6 23.Be4 Qe6 24.Qd3 1-0

[Event "1st VAM op"]
[Site "Hoogeveen NED"]
[Date "1997.10.14"]
[Round "6.16"]
[White "Pel, Bonno"]
[Black "Hendriks, Richard V"]
[Result "1-0"]
[WhiteElo "2150"]
[BlackElo "2321"]
[EventDate "1997.10.10"]
[PlyCount "87"]

1.Nc3 b6 2.e4 Bb7 3.d4 e6 4.Bd3 c5 5.Nf3 cxd4 6.Nxd4 Nc6 7.Nxc6 Bxc6 8.Qe2
Bc5 9.Bf4 Ne7 10.O-O-O Ng6 11.Bg3 O-O 12.f4 f6 13.Bc4 Qe7 14.h4 Rfc8 15.h5
Nf8 16.h6 b5 17.Nxb5 Rab8 18.Nd4 Rxb2 19.Nf5 Rxc2+ 20.Kxc2 Ba4+ 21.Kb1 Qd8
22.hxg7 Rb8+ 23.Ka1 Bxd1 24.gxf8=Q+ Bxf8 25.Rxd1 Qa5 26.Be1 Qa3 27.Rb1 
Rxb1+ 28.Kxb1 d5 29.exd5 exf5 30.Qb2 Qe3 31.d6+ Kg7 32.Bf2 Qe4+ 33.Qc2 
Qb7+ 34.Qb3 Qe4+ 35.Qd3 Qb7+ 36.Bb3 Qd7 37.Bc5 a5 38.Qd5 Kh6 39.Qe6 Qd8 
40.g4 fxg4 41.f5 Kg5 42.Be3+ Kh4 43.d7 h5 44.Bb6 1-0

[Event "1st VAM op"]
[Site "Hoogeveen NED"]
[Date "1997.10.15"]
[Round "7.3"]
[White "Van der Weide, Karel"]
[Black "Bosch, Jeroen"]
[Result "1/2-1/2"]
[WhiteElo "2375"]
[BlackElo "2405"]
[EventDate "1997.10.10"]
[PlyCount "38"]

1.Nf3 Nf6 2.g3 c5 3.Bg2 g6 4.O-O Bg7 5.d3 O-O 6.e4 d6 7.Nbd2 Nc6 8.c3 Nd7 
9.Nb3 Nb6 10.d4 cxd4 11.cxd4 a5 12.a4 Bg4 13.h3 Bxf3 14.Bxf3 Qd7 15.Bd2 
Nb4 16.Nxa5 Rxa5 17.Bxb4 Rxa4 18.Rxa4 Nxa4 19.b3 Nb6 1/2-1/2

[Event "1st VAM op"]
[Site "Hoogeveen NED"]
[Date "1997.10.15"]
[Round "7.8"]
[White "Van Rijn, Wouter"]
[Black "Bosboom, Manuel"]
[Result "1/2-1/2"]
[WhiteElo "2235"]
[BlackElo "2430"]
[EventDate "1997.10.10"]
[PlyCount "87"]

1.e4 c5 2.Nf3 d6 3.d4 cxd4 4.Nxd4 Nf6 5.Nc3 a6 6.f4 e6 7.a4 Nc6 8.Be3 Be7 
9.Be2 O-O 10.Qd2 Qc7 11.O-O Rd8 12.Rad1 Bd7 13.Nb3 Rac8 14.Bf3 Be8 15.Qf2 
Nd7 16.Rd2 Na5 17.f5 Bf6 18.fxe6 fxe6 19.Bg4 Bf7 20.Nxa5 Qxa5 21.Rxd6 Qb4 
22.Rfd1 Ne5 23.Rxd8+ Rxd8 24.Rxd8+ Bxd8 25.Bxe6 Bxe6 26.Bc5 Nf3+ 27.gxf3 
Qxb2 28.Qd2 Bf6 29.Qd6 Qc1+ 30.Kg2 Qxc2+ 31.Kg3 Kf7 32.Nd5 Be5+ 33.Qxe5 
Qxc5 34.Qh5+ Kf8 35.Qxh7 Qd6+ 36.Nf4 Qe5 37.Qg6 Bd7 38.a5 Kg8 39.h4 Qxa5 
40.h5 Qe1+ 41.Kg2 Qd2+ 42.Kg3 Qe1+ 43.Kg2 Qd2+ 44.Kg3 1/2-1/2

[Event "1st VAM op"]
[Site "Hoogeveen NED"]
[Date "1997.10.15"]
[Round "7.10"]
[White "Ernst, Sipke"]
[Black "Lanchava, Tea"]
[Result "1-0"]
[WhiteElo "2270"]
[BlackElo "2275"]
[EventDate "1997.10.10"]
[PlyCount "63"]

1.d4 g6 2.Nf3 Bg7 3.Bg5 f6 4.Bf4 Nh6 5.e4 d6 6.Nc3 Nf7 7.Bc4 e6 8.Qe2 Qe7 
9.O-O O-O 10.Rfe1 Nd7 11.Bg3 c6 12.a4 a5 13.Rad1 e5 14.h3 Kh8 15.Ba2 Nb6 
16.Bb3 Bd7 17.Rd3 c5 18.dxc5 dxc5 19.Nd5 Nxd5 20.Rxd5 Rac8 21.Rdd1 c4 22.
Bxc4 Bxa4 23.Ra1 Bxc2 24.Rec1 Ba4 25.Rxa4 b5 26.Rxa5 bxc4 27.Rxc4 Nd6 28.
Rxc8 Rxc8 29.Rd5 Qc7 30.Qd3 Nc4 31.Rd7 Qb6 32.Rxg7 1-0

[Event "1st VAM op"]
[Site "Hoogeveen NED"]
[Date "1997.10.15"]
[Round "7.13"]
[White "Tindall, Brett"]
[Black "Jap Tjoen San, Linda"]
[Result "1-0"]
[WhiteElo "2190"]
[BlackElo "2175"]
[EventDate "1997.10.10"]
[PlyCount "103"]

1.Nf3 c5 2.c4 Nc6 3.Nc3 g6 4.e3 Nf6 5.d4 cxd4 6.exd4 d5 7.Bg5 Ne4 8.cxd5 
Nxc3 9.bxc3 Qxd5 10.Be2 Bg7 11.O-O O-O 12.Re1 Re8 13.Bf4 Bf5 14.Qa4 Bd7 
15.Qd1 Rac8 16.Rb1 Na5 17.Ne5 Qe4 18.Bb5 Qxf4 19.Bxd7 b6 20.Bxe8 Rxe8 21.
Qa4 Rd8 22.Nc6 Nxc6 23.Qxc6 Bf6 24.g3 Qd2 25.Qc4 Rd6 26.Rbd1 Qb2 27.Qb3 
Qxb3 28.axb3 e6 29.Ra1 a5 30.f4 Rc6 31.Rac1 Kf8 32.Kf2 Rd6 33.Ke3 Rd5 34.
Kd3 Ke7 35.Re4 Kd7 36.c4 Rh5 37.Rc2 Be7 38.Re5 Rh3 39.d5 exd5 40.Rxd5+ Kc6
41.Ke4 Bc5 42.Kf3 Bb4 43.Kg4 Rh6 44.h4 Be1 45.Re2 f5+ 46.Kf3 Bb4 47.Re6+ 
Kc7 48.Re8 Rh5 49.Ra8 Bd6 50.Ra7+ Kc6 51.Rf7 Bc5 52.Rdd7 1-0

[Event "1st VAM op"]
[Site "Hoogeveen NED"]
[Date "1997.10.15"]
[Round "7.14"]
[White "Hofman, Ron"]
[Black "Pel, Bonno"]
[Result "1-0"]
[WhiteElo "2230"]
[BlackElo "2150"]
[EventDate "1997.10.10"]
[PlyCount "79"]

1.d4 d6 2.c4 g6 3.Nc3 Bg7 4.Nf3 Nf6 5.e3 O-O 6.Be2 Nbd7 7.O-O c6 8.b4 e5 
9.a4 Qe7 10.b5 Re8 11.a5 c5 12.dxe5 dxe5 13.e4 h6 14.Nd2 Nf8 15.Nd5 Qd6 
16.Ba3 Ne6 17.Nb3 Qf8 18.f4 exf4 19.e5 Nd7 20.Bg4 Bxe5 21.Ra2 f5 22.Bf3 
Qg7 23.Re1 g5 24.Bh5 Rf8 25.Rae2 Nd4 26.Rxe5 Nxe5 27.Nxd4 cxd4 28.Bxf8 
Kxf8 29.Qe2 Bd7 30.Qxe5 Qxe5 31.Rxe5 Rc8 32.Be2 Be8 33.Bd3 Kg7 34.Re7+ Kf8
35.Rxb7 Bf7 36.a6 Re8 37.b6 axb6 38.a7 Bxd5 39.cxd5 Re1+ 40.Kf2 1-0

[Event "1st VAM op"]
[Site "Hoogeveen NED"]
[Date "1997.10.16"]
[Round "8.4"]
[White "Greenfeld, Alon"]
[Black "Van der Weide, Karel"]
[Result "1/2-1/2"]
[WhiteElo "2540"]
[BlackElo "2375"]
[EventDate "1997.10.10"]
[PlyCount "60"]

1.d4 Nf6 2.Nf3 g6 3.g3 Bg7 4.Bg2 O-O 5.O-O d6 6.c4 Nbd7 7.Nc3 e5 8.e4 c6 
9.h3 Re8 10.Be3 exd4 11.Nxd4 Nc5 12.Qc2 Qe7 13.Rfe1 Bd7 14.Nb3 b6 15.Rad1 
Nxb3 16.axb3 Rad8 17.Qd2 Bc8 18.Bf4 Bf8 19.Bg5 Bg7 20.b4 Bb7 21.b5 c5 22.
Ra1 Ba8 23.Qf4 Rd7 24.h4 Qe6 25.Nd5 Bxd5 26.cxd5 Qe7 27.Bh3 Rb7 28.Kg2 Nh5
29.Qc1 Qe5 30.Re2 Qd4 1/2-1/2

[Event "1st VAM op"]
[Site "Hoogeveen NED"]
[Date "1997.10.16"]
[Round "8.6"]
[White "Ernst, Sipke"]
[Black "Barsov, Alexei"]
[Result "0-1"]
[WhiteElo "2270"]
[BlackElo "2445"]
[EventDate "1997.10.10"]
[PlyCount "90"]

1.d4 e6 2.e4 d5 3.Nd2 c5 4.exd5 Qxd5 5.Ngf3 cxd4 6.Bc4 Qd6 7.O-O Nf6 8.Nb3
Nc6 9.Nbxd4 Nxd4 10.Nxd4 a6 11.c3 Qc7 12.Qe2 Bd6 13.h3 O-O 14.Bd3 h6 15.
Re1 b6 16.Bd2 Bb7 17.Rad1 Rfd8 18.Bc1 Bc5 19.Bb1 Bxd4 20.cxd4 Rac8 21.Be3 
Qd6 22.Qd2 Nd5 23.Qd3 f5 24.a3 Rf8 25.Bd2 Rf6 26.Re5 Rd8 27.Ba2 a5 28.Rde1
Kh8 29.Bxd5 Bxd5 30.Bf4 Be4 31.Qb3 Qxd4 32.Rxe6 a4 33.Qa2 Bd5 34.Re8+ Rxe8
35.Rxe8+ Kh7 36.Rd8 Re6 37.Qb1 Kg6 38.Be3 Qc4 39.Qd1 Be4 40.Qd7 Qc6 41.Qd4
Kh7 42.g3 Bh1 43.Kf1 Bg2+ 44.Ke2 Qc2+ 45.Ke1 Bf3 0-1

[Event "1st VAM op"]
[Site "Hoogeveen NED"]
[Date "1997.10.16"]
[Round "8.9"]
[White "Vedder, Richard"]
[Black "Tindall, Brett"]
[Result "1-0"]
[WhiteElo "2255"]
[BlackElo "2190"]
[EventDate "1997.10.10"]
[PlyCount "67"]

1.e4 c5 2.Nf3 e6 3.c4 Nc6 4.Nc3 d6 5.Be2 Nf6 6.O-O Be7 7.d4 cxd4 8.Nxd4 
O-O 9.Nc2 a6 10.b3 Qc7 11.Bb2 Rb8 12.Rc1 Rd8 13.Ne3 Qa5 14.Qd3 Ne5 15.Qc2 
Bd7 16.a4 Bc6 17.Ba3 b5 18.b4 Qb6 19.cxb5 axb5 20.Bxb5 Bxb5 21.Nxb5 Qa6 
22.Nc3 Rdc8 23.b5 Qa5 24.Rfd1 h6 25.Qb3 Rxc3 26.Rxc3 Nxe4 27.Bb4 Qb6 28.
Rc2 Bh4 29.Be1 d5 30.a5 Qd6 31.b6 Nf3+ 32.gxf3 Ng5 33.Ng2 Qe5 34.f4 1-0

[Event "1st VAM op"]
[Site "Hoogeveen NED"]
[Date "1997.10.16"]
[Round "8.10"]
[White "Lanchava, Tea"]
[Black "Van Rijn, Wouter"]
[Result "1/2-1/2"]
[WhiteElo "2275"]
[BlackElo "2235"]
[EventDate "1997.10.10"]
[PlyCount "90"]

1.d4 d5 2.c4 e6 3.cxd5 exd5 4.Nc3 Nf6 5.Bg5 Be7 6.e3 O-O 7.Bd3 c6 8.Qc2 h6
9.Bf4 Qb6 10.Nf3 Na6 11.a3 c5 12.O-O c4 13.Be2 Be6 14.Ne5 Rac8 15.Rfb1 Qa5
16.h3 Nb8 17.e4 dxe4 18.Nxe4 Nc6 19.Rd1 Rfd8 20.Nxf6+ Bxf6 21.Qc3 Qxc3 22.
bxc3 Na5 23.Rab1 b6 24.Bg4 Nb3 25.Bxe6 fxe6 26.Ng4 h5 27.Ne3 b5 28.Nc2 a5 
29.Re1 Kf7 30.Na1 Nxa1 31.Rxa1 Rd5 32.Rab1 Be7 33.Ra1 b4 34.axb4 axb4 35.
cxb4 Rxd4 36.Be5 Rd7 37.Bc3 Rd3 38.Rac1 Rb8 39.Re4 Rc8 40.b5 Ba3 41.Rc2 
Rd1+ 42.Kh2 Bd6+ 43.Be5 Bxe5+ 44.Rxe5 Rd5 45.Re4 Rxb5 1/2-1/2

[Event "1st VAM op"]
[Site "Hoogeveen NED"]
[Date "1997.10.16"]
[Round "8.11"]
[White "Bednar, Jaromir"]
[Black "Van Haastert, Edwin"]
[Result "0-1"]
[WhiteElo "2230"]
[BlackElo "2345"]
[EventDate "1997.10.10"]
[PlyCount "70"]

1.e4 e6 2.d3 d5 3.Nd2 c5 4.Ngf3 Nc6 5.g3 Bd6 6.Bg2 Nge7 7.O-O O-O 8.Re1 
Qc7 9.c3 Bd7 10.Nb3 dxe4 11.dxe4 Rfd8 12.Be3 b6 13.e5 Bxe5 14.Nxe5 Nxe5 
15.Bxa8 Bc6 16.Bxc6 Rxd1 17.Rexd1 N7xc6 18.Bf4 g5 19.Bxe5 Nxe5 20.Nd2 g4 
21.Re1 h5 22.Re3 Qd6 23.Ne4 Qd8 24.Kf1 f5 25.Nd2 Qd5 26.Ke2 Nf7 27.Rd3 Qg2
28.Nf1 c4 29.Re3 Ng5 30.Nd2 b5 31.a4 a6 32.axb5 axb5 33.Ra7 Nh3 34.Kd1 
Nxf2+ 35.Kc1 Qg1+ 0-1

[Event "1st VAM op"]
[Site "Hoogeveen NED"]
[Date "1997.10.16"]
[Round "8.12"]
[White "De Jong, Migchiel"]
[Black "Hofman, Ron"]
[Result "1-0"]
[WhiteElo "2325"]
[BlackElo "2230"]
[EventDate "1997.10.10"]
[PlyCount "107"]

1.e4 e5 2.Nf3 d6 3.d4 exd4 4.Nxd4 Nf6 5.Nc3 Be7 6.Nde2 Nc6 7.g3 h5 8.h3 
Ne5 9.Bg2 c6 10.f4 Nc4 11.b3 Nb6 12.Bb2 Qc7 13.a4 a6 14.Qd2 Rg8 15.Rd1 
Nbd7 16.O-O Nf8 17.Nd4 Ng6 18.Rfe1 h4 19.g4 Bd7 20.Nf5 Bf8 21.e5 dxe5 22.
fxe5 O-O-O 23.Nd6+ Bxd6 24.exd6 Qb6+ 25.Kh1 Rge8 26.Ne4 Nxe4 27.Rxe4 c5 
28.Bxg7 Rxe4 29.Bxe4 Bc6 30.Bxc6 Qxc6+ 31.Qd5 Rxd6 32.Qxc6+ Rxc6 33.Rf1 
Rc7 34.Rf5 b6 35.Rh5 Rd7 36.Rf5 Kb7 37.Bc3 Kc6 38.Kg2 b5 39.Rf6+ Kb7 40.
Kf3 b4 41.Be1 a5 42.Bf2 c4 43.Ke4 Rd2 44.Rxf7+ Kb8 45.Ba7+ Ka8 46.Rf2 Rd1 
47.Bb6 Re1+ 48.Kd5 cxb3 49.cxb3 Kb7 50.Bd4 Ne7+ 51.Kc5 Rc1+ 52.Kb5 Rc7 53.
Rf7 Rd7 54.Bc5 1-0

[Event "1st VAM op"]
[Site "Hoogeveen NED"]
[Date "1997.10.16"]
[Round "8.15"]
[White "Azadmanesh, Moosa"]
[Black "Pel, Bonno"]
[Result "0-1"]
[WhiteElo "2110"]
[BlackElo "2150"]
[EventDate "1997.10.10"]
[PlyCount "76"]

1.e4 d6 2.d4 Nf6 3.Nc3 g6 4.f4 Bg7 5.Nf3 O-O 6.Be3 c6 7.Qd2 b5 8.Bd3 Nbd7 
9.e5 b4 10.Ne4 Nd5 11.O-O Nxe3 12.Qxe3 Nb6 13.Qf2 Nd5 14.Nh4 Bh6 15.Qg3 
Qb6 16.Kh1 Qxd4 17.exd6 exd6 18.f5 Qe5 19.Qf3 Ne3 20.Rfe1 d5 21.Nf2 Qxb2 
22.Ng4 Nxg4 23.Qxg4 c5 24.Qf3 Qd4 25.Qh3 Bg7 26.Rad1 Bf6 27.Be4 Qf2 28.
Bxd5 Rb8 29.g3 Bxh4 30.Qxh4 Bxf5 31.Qc4 Qxc2 32.Rc1 Qxc4 33.Rxc4 Rbc8 34.
Re7 a5 35.g4 Bd3 36.Rf4 c4 37.Rfxf7 Rxf7 38.Rxf7 Be4+ 0-1

[Event "1st VAM op"]
[Site "Hoogeveen NED"]
[Date "1997.10.17"]
[Round "9.6"]
[White "Van der Weide, Karel"]
[Black "Vedder, Richard"]
[Result "1-0"]
[WhiteElo "2375"]
[BlackElo "2255"]
[EventDate "1997.10.10"]
[PlyCount "99"]

1.Nf3 d6 2.g3 g6 3.Bg2 Bg7 4.O-O Nc6 5.c4 e5 6.Nc3 f5 7.d3 Nf6 8.Rb1 a5 9.
a3 O-O 10.b4 axb4 11.axb4 h6 12.b5 Ne7 13.Qb3 Kh8 14.Bb2 g5 15.Ra1 Rxa1 
16.Rxa1 Be6 17.Nd2 b6 18.Ra7 Qd7 19.Qa3 Rb8 20.Na2 Nc8 21.Ra8 Rxa8 22.Qxa8
Kh7 23.Nb4 Ne7 24.Na6 Ne8 25.Ba3 Bf6 26.Nf1 e4 27.Ne3 Bd4 28.Nc2 Bf6 29.
Ncb4 d5 30.Nb8 Qc8 31.cxd5 Bd7 32.N4c6 Bxc6 33.bxc6 Nxd5 34.dxe4 Nc3 35.
exf5 Nxe2+ 36.Kf1 Nc3 37.Bb2 Qxf5 38.Bxc3 Bxc3 39.Qa2 Nd6 40.Nd7 b5 41.Kg1
b4 42.Bd5 Bd4 43.Qd2 Bc3 44.Qd1 Ne4 45.Nf8+ Kh8 46.Bxe4 Qxe4 47.Qd8 Qxc6 
48.Ne6+ Kh7 49.Qe7+ Kg6 50.g4 1-0

[Event "1st VAM op"]
[Site "Hoogeveen NED"]
[Date "1997.10.17"]
[Round "9.10"]
[White "Tindall, Brett"]
[Black "De Jong, Migchiel"]
[Result "1-0"]
[WhiteElo "2190"]
[BlackElo "2325"]
[EventDate "1997.10.10"]
[PlyCount "101"]

1.e4 e6 2.d4 d5 3.e5 c5 4.c3 Bd7 5.Nf3 Qb6 6.Be2 cxd4 7.cxd4 Bb5 8.Nc3 Bb4
9.O-O Bxc3 10.bxc3 Bxe2 11.Qxe2 Ne7 12.Ba3 Qa6 13.Qb2 Nbc6 14.Ng5 h6 15.
Nh3 Rc8 16.Nf4 h5 17.Rac1 Na5 18.Bb4 Nec6 19.Rfe1 Kd7 20.Qb1 Nxb4 21.cxb4 
Nc4 22.Qd3 Rc7 23.Qf3 g6 24.Nd3 Kc8 25.Qf6 Re8 26.a4 b6 27.Ra1 Kb8 28.a5 
Qb5 29.axb6 axb6 30.Ra2 Rec8 31.Rea1 Na5 32.Nc5 bxc5 33.Rxa5 Qxb4 34.dxc5 
Qb7 35.h4 d4 36.Qg5 Qe4 37.Qd2 Rb7 38.Ra8+ Kc7 39.Rxc8+ Kxc8 40.Ra8+ Kd7 
41.c6+ Qxc6 42.Qxd4+ Qd5 43.Qa4+ Qb5 44.Qf4 Kc6 45.Rc8+ Kd5 46.Rd8+ Kc6 
47.Qc1+ Kb6 48.Rd6+ Ka7 49.Qa3+ Kb8 50.Rd8+ Kc7 51.Qd6# 1-0

[Event "1st VAM op"]
[Site "Hoogeveen NED"]
[Date "1997.10.17"]
[Round "9.13"]
[White "Hendriks, Richard V"]
[Black "Bednar, Jaromir"]
[Result "0-1"]
[WhiteElo "2321"]
[BlackElo "2230"]
[EventDate "1997.10.10"]
[PlyCount "80"]

1.e4 d5 2.exd5 Nf6 3.d4 Nxd5 4.c4 Nb6 5.Nf3 g6 6.Be2 Bg7 7.Nc3 O-O 8.O-O 
Nc6 9.d5 Ne5 10.Nxe5 Bxe5 11.Bh6 Re8 12.f4 Bf6 13.Bd3 e6 14.dxe6 Bxe6 15.
f5 Bxc4 16.Bxc4 Nxc4 17.fxg6 hxg6 18.Qf3 Bd4+ 19.Kh1 Ne5 20.Qg3 Bxc3 21.
bxc3 Qd7 22.h3 Re6 23.Bg5 Qd3 24.Qh4 f5 25.Rfe1 Rae8 26.Rxe5 Qxc3 27.Bf6 
Qxa1+ 28.Kh2 Rxe5 29.Qh6 Kf7 30.Qg7+ Ke6 31.Qxg6 Kd7 32.h4 Qd4 33.Qf7+ Kc6
34.Qxe8+ Rxe8 35.Bxd4 Kd7 36.Bg7 Ke6 37.Bc3 Kf7 38.Ba1 Kg6 39.Kh3 Re3+ 40.
g3 f4 0-1